| 000 | 00977cad a22002055a 4500 | ||
|---|---|---|---|
| 001 | L156563 | ||
| 008 | 120508s20120607xxk f 000 0 eng d | ||
| 035 | _a(Sirsi) u156563 | ||
| 041 | 0 | _aeng | |
| 050 | 0 | 4 | _a333.33 $2 18 |
| 110 | 2 |
_aLloyds Banking Group _95822 |
|
| 245 | 0 | 0 |
_aHalifax house price index _bMay 2012 _h[electronic resource] |
| 260 |
_aLondon _bLloyds Banking Group _c2012 |
||
| 520 | _aUK house prices increased by 0.5% in May 2012, a 0.1% decrease since May 2011. The supply and demand balance in the market as measured by the ratio of house sales to the stock of unsold properties has tightened a little in recent months. This modest improvement in market conditions is helping to support house prices. | ||
| 590 | _aKA | ||
| 651 | 4 |
_aUnited Kingdom _y |
|
| 690 |
_aResidential property _96266 |
||
| 856 | 4 | 0 |
_uhttps://www.lloydsbankinggroup.com/media/pdfs/halifax/2012/0606_HPI.pdf _zView this item free of charge at www.lloydsbankinggroup.com |
| 942 | _n0 | ||
| 999 |
_c114292 _d114292 |
||